[Event "AUTO-INT-2392"]
[Site "http://www.queenalice.com/game.php?id=1147678"]
[Date "2013.2.1"]
[Round "3"]
[White "maurice91"]
[Black "Nacional_kid"]
[Result "0-1"]
[WhiteElo "1686"]
[BlackElo "1792"]

1. d4 g6 2. c4 Bg7 3. Nc3 e5 4. d5 d6 5. e4 Nd7 6. Be2 Nb6 7. Nf3 Bg4 8. h3 Bxf3
9. Bxf3 Nxc4 10. b3 Nb6 11. O-O Nf6 12. Bb2 O-O 13. Rc1 a6 14. Ba3 c6 15. dxc6
bxc6 16. Bxd6 Re8 17. Ba3 Qc7 18. g3 Rad8 19. Qc2 c5 20. Ne2 Bh6 21. Qxc5 Qxc5
22. Bxc5 Bxc1 23. Rxc1 Nfd7 24. Bd6 Re6 25. Bc7 Rc8 26. Bg2 f5 27. exf5 gxf5 28.
h4 e4 29. Nf4 Re7 30. Bh3 Na8 31. Nd5 Rf7 32. Rc6 Nxc7 33. Rxc7 Rxc7 34. Nxc7
Nc5 35. Ne8 Nb7 36. g4 Kf8 37. Nc7 Rxc7 38. gxf5 Kf7 39. Kg2 Rc2 40. Kg3 Rxa2
41. Kf4 Rxf2+ 42. Kxe4 Rb2 43. Ke5 Rxb3 44. Bg4 a5 45. Bh5+ Kf8 46. f6 Rb5+ 0-1

[Event "AUTO-INT-2392"]
[Site "http://www.queenalice.com/game.php?id=1147679"]
[Date "2013.2.1"]
[Round "3"]
[White "Nacional_kid"]
[Black "maurice91"]
[Result "0-1"]
[WhiteElo "1782"]
[BlackElo "1770"]

1. e4 c6 2. d4 g6 3. Bd3 Bg7 4. Be3 d6 5. Ne2 Nd7 6. Nd2 e5 7. c3 exd4 8. Nxd4
Nb6 9. a4 Nh6 10. h3 c5 11. Nb5 a6 12. Na3 Nxa4 13. Qb3 Nb6 14. Ndc4 Nxc4 15.
Nxc4 b5 16. Nxd6+ Qxd6 17. Bxb5+ Bd7 18. Bxd7+ Kxd7 19. Qb7+ Qc7 20. Qxc7+ Kxc7
21. Bxc5 Rhe8 22. f3 Red8 23. Ke2 Rd7 24. g4 Ng8 25. f4 Ne7 26. e5 Nc6 27. b4 a5
28. b5 Ne7 29. Bd6+ Kd8 30. b6 Nc6 31. Rab1 a4 32. b7 Ra5 33. Rb6 Rxd6 34. b8=Q+
Nxb8 35. Rxd6+ Kc7 36. Ra1 a3 37. Kd2 Bf8 38. Rf6 Rd5+ 39. Kc2 Rd7 40. e6 Rd6
41. Rxf7+ Be7 42. f5 Nc6 43. f6 Rxe6 44. fxe7 Nxe7 45. Rxa3 Kb6 46. Rxh7 Nc6 47.
Ra8 Ne5 48. Kb3 Nc6 49. g5 Na5+ 50. Kc2 Nc6 51. Rg8 Ne5 52. h4 Kc5 53. h5 gxh5
54. Rxh5 Nf3 55. g6+ Kc6 0-1

[Event "AUTO-ADV-2588"]
[Site "http://www.queenalice.com/game.php?id=1152639"]
[Date "2013.2.16"]
[Round "2"]
[White "luiz_antonio"]
[Black "Nacional_kid"]
[Result "0-1"]
[WhiteElo "1845"]
[BlackElo "1787"]

1. e4 e5 2. Bc4 c6 3. d3 a5 4. c3 a4 5. a3 b5 6. Ba2 Bd6 7. Qf3 Nf6 8. g3 Be7 9.
Ne2 d6 10. h3 Nbd7 11. O-O Bb7 12. b4 axb3 13. Bxb3 O-O 14. Be3 d5 15. Nd2 Qb6
16. Ra2 Nc5 17. Rb2 d4 18. c4 Rad8 19. Bg5 h6 20. Bxf6 Bxf6 21. g4 Nxb3 22. Nxb3
g5 23. Qf5 Rd7 0-1

[Event "AUTO-ADV-2588"]
[Site "http://www.queenalice.com/game.php?id=1152640"]
[Date "2013.2.16"]
[Round "2"]
[White "Nacional_kid"]
[Black "luiz_antonio"]
[Result "1-0"]
[WhiteElo "1767"]
[BlackElo "1865"]

1. e4 e5 2. Bc4 c6 3. d4 d5 4. exd5 cxd5 5. Bb5+ Nc6 6. dxe5 Qa5+ 7. Nc3 d4 8.
Qxd4 Qxb5 9. Nxb5 Nxd4 10. Nxd4 a6 11. Ngf3 h6 12. O-O Be6 13. Nxe6 fxe6 14. Be3
O-O-O 15. c4 Kc7 16. b3 Ne7 17. g3 Rd3 18. Nd4 g5 19. Nxe6+ Kc6 20. Nxf8 Rxf8
21. Rae1 Nf5 22. Bc1 Re8 23. Re2 1-0

[Event "AUTO-ADV-2588"]
[Site "http://www.queenalice.com/game.php?id=1152643"]
[Date "2013.2.16"]
[Round "2"]
[White "Boeing"]
[Black "Nacional_kid"]
[Result "1-0"]
[WhiteElo "1975"]
[BlackElo "1777"]

1. e4 e5 2. Nf3 Qf6 3. Nc3 c6 4. d3 b5 5. Bg5 Qd6 6. Nh4 g6 7. Be2 Be7 8. Qd2 f6
9. Be3 Qc7 10. Bh6 g5 11. Bh5+ Kd8 12. Nf5 d6 13. Bg7 Bxf5 14. exf5 Nh6 15. Bxh8
Bf8 16. Bxf6+ Kc8 17. Qxg5 Nd7 18. Be7 Bxe7 19. Qxe7 Nxf5 20. Qxh7 Nd4 21. O-O-O
Kb7 22. Bf3 Rd8 23. a4 b4 24. Na2 Qb6 25. Bg4 Qc5 26. c4 bxc3 27. Nxc3 Nb3+ 28.
Kc2 Nd4+ 29. Kb1 Kb6 30. Bxd7 Rf8 31. f3 Nb3 32. Be6 d5 33. Bg8 d4 34. Ne4 Qb4
35. Bxb3 Qxb3 36. Nd6 Rb8 37. Nc4+ Ka6 38. a5 Qb4 39. Qe4 Qb5 40. Rd2 Qc5 41.
Rc1 Qb5 42. Na3 Qxa5 43. Rxc6+ Rb6 44. Rxb6+ axb6 45. Qa8# 1-0

[Event "AUTO-ADV-2588"]
[Site "http://www.queenalice.com/game.php?id=1152644"]
[Date "2013.2.16"]
[Round "2"]
[White "Nacional_kid"]
[Black "Boeing"]
[Result "0-1"]
[WhiteElo "1812"]
[BlackElo "1897"]

1. e4 e5 2. Bc4 Nf6 3. d3 h6 4. Nf3 d6 5. b4 Bd7 6. a4 c5 7. b5 a6 8. Na3 axb5
9. Nxb5 Bxb5 10. Bxb5+ Nc6 11. c4 Be7 12. Rb1 O-O 13. Bxc6 bxc6 14. O-O Qa5 15.
Ra1 Rfb8 16. Bd2 Qd8 17. Qc2 d5 18. Nxe5 dxe4 19. Nxc6 exd3 20. Qc3 Ne4 21. Nxd8
Nxc3 22. Nc6 Ne2+ 23. Kh1 Rb7 24. Ra3 Rd7 25. Ne5 Rd4 26. Re1 Re4 27. Nxd3 Rd8
28. f3 Re6 29. g3 Nd4 30. Rxe6 fxe6 31. f4 Nc2 32. Rb3 Nd4 33. Rb7 Kf8 34. Ba5
Ra8 35. Bb6 Rxa4 36. Rb8+ Kf7 37. Ne5+ Kf6 38. Nd7+ Kg6 39. Bxc5 Bxc5 40. Nxc5
Rxc4 41. Nd3 Kf5 42. Ne5 Rc2 43. Rb4 Rd2 44. h4 g5 45. Kg1 Ne2+ 46. Kf2 Nxf4+
47. Ke1 Nd5 48. Nf3 Nxb4 49. Nxd2 gxh4 50. gxh4 Kg4 51. Kf2 Kxh4 52. Kf3 h5 53.
Ne4 e5 54. Nf2 Nc6 55. Ke4 Kg3 56. Nd3 h4 57. Kd5 h3 0-1

[Event "AUTO-OPEN-2740"]
[Site "http://www.queenalice.com/game.php?id=1153682"]
[Date "2013.2.20"]
[Round "2"]
[White "pomar"]
[Black "Nacional_kid"]
[Result "1-0"]
[WhiteElo "2104"]
[BlackElo "1780"]

1. f3 g6 2. Kf2 Bg7 3. c4 Nf6 4. d4 d5 5. Nc3 dxc4 6. e4 Nh5 7. Bxc4 Qxd4+ 8.
Qxd4 Bxd4+ 9. Be3 Bxe3+ 10. Kxe3 O-O 11. Nd5 a6 12. Nxe7+ Kg7 13. Ne2 Bd7 14.
Nd5 c6 15. Nb6 Ra7 16. Rhd1 Bc8 17. Rd6 Re8 18. g4 Nf6 19. Rad1 Nbd7 20. Nxd7
Bxd7 21. Rxd7 Nxd7 22. Rxd7 Rf8 23. Nd4 Raa8 24. Ne6+ Kf6 25. Nxf8 Rxf8 26. Rxb7
Ke5 27. Bxf7 a5 28. f4+ Kd6 29. Kd4 c5+ 30. Kc4 Rd8 31. Bd5 Rd7 32. Rb6+ Kc7 33.
Rc6+ Kd8 34. Kxc5 Ke7 35. Ra6 Kf8 36. Rxa5 Rc7+ 37. Bc6 Kg7 38. Kd6 Rf7 39. f5
gxf5 40. gxf5 Kf6 41. Bd7 Kg5 42. e5 Kf4 43. e6 1-0

[Event "AUTO-OPEN-2740"]
[Site "http://www.queenalice.com/game.php?id=1153683"]
[Date "2013.2.20"]
[Round "2"]
[White "Nacional_kid"]
[Black "pomar"]
[Result "0-1"]
[WhiteElo "1738"]
[BlackElo "2110"]

1. e4 e6 2. d4 d5 3. e5 c5 4. Be3 Qb6 5. a4 Qxb2 6. Nd2 cxd4 7. Rb1 Qa3 8. Bb5+
Nc6 9. Bxd4 Bd7 10. c3 a6 11. Bd3 Nxd4 12. Ra1 Qxc3 13. Rc1 Qxd3 14. Ra1 Nc2+
0-1

[Event "AUTO-OPEN-2740"]
[Site "http://www.queenalice.com/game.php?id=1153686"]
[Date "2013.2.20"]
[Round "2"]
[White "Norfair"]
[Black "Nacional_kid"]
[Result "1-0"]
[WhiteElo "2466"]
[BlackElo "1769"]

1. b3 e5 2. Bb2 Nc6 3. Nf3 Qf6 4. e4 Bc5 5. Nc3 Nd4 6. Nd5 Qd6 7. b4 Bxb4 8.
Nxd4 exd4 9. Qg4 g6 10. Bxd4 f6 11. a3 Ba5 12. Qg3 Qxg3 13. hxg3 c6 14. Nxf6+
Nxf6 15. Bxf6 Rf8 16. Bg7 Rf7 17. Rxh7 d6 18. Bc4 Re7 19. O-O-O Rxe4 20. Bf6
Rxc4 21. Re1+ Kf8 22. Ree7 Be6 23. Rh8+ Bg8 24. Rg7 1-0

[Event "AUTO-OPEN-2740"]
[Site "http://www.queenalice.com/game.php?id=1153687"]
[Date "2013.2.20"]
[Round "2"]
[White "Nacional_kid"]
[Black "Norfair"]
[Result "0-1"]
[WhiteElo "1777"]
[BlackElo "2463"]

1. e4 e5 2. Bc4 Nf6 3. d3 Nc6 4. c3 Be7 5. Be3 d5 6. exd5 Nxd5 7. Qf3 Be6 8. Nh3
g5 9. g4 h5 10. gxh5 g4 11. Qg3 Rxh5 12. Ng1 Bh4 13. Qg2 Nxe3 14. Qe4 Nxc4 15.
dxc4 Rf5 16. Nd2 Bxf2+ 17. Kd1 Rf4 18. Qc2 Bf5 19. Qc1 Qd3 20. Ne2 O-O-O 21.
Nxf4 Qf3+ 0-1

[Event "AUTO-OPEN-2979"]
[Site "http://www.queenalice.com/game.php?id=1176611"]
[Date "2013.4.29"]
[Round "1"]
[White "adrian_iuga"]
[Black "Nacional_kid"]
[Result "1-0"]
[WhiteElo "2091"]
[BlackElo "1767"]

1. e4 e5 2. Nf3 Qf6 3. Bc4 c6 4. O-O Bd6 5. d3 a5 6. a3 b5 7. Ba2 h6 8. Be3 g5
9. Nbd2 Ne7 10. b4 axb4 11. axb4 Bxb4 12. Bxf7+ Qxf7 13. Rxa8 Na6 14. Nxe5 Qf6
15. Bd4 Qd6 16. Qh5+ Ng6 17. Rxc8+ Ke7 18. Nxg6+ 1-0

[Event "AUTO-OPEN-2979"]
[Site "http://www.queenalice.com/game.php?id=1176612"]
[Date "2013.4.29"]
[Round "1"]
[White "Nacional_kid"]
[Black "adrian_iuga"]
[Result "1-0"]
[WhiteElo "1764"]
[BlackElo "2072"]

1. e4 c5 2. d4 cxd4 3. Qxd4 Nc6 4. Qc3 e6 5. a3 Be7 6. Nf3 a6 7. b4 b5 8. Be3
Nf6 9. Bd3 O-O 10. e5 Ng4 11. Bc5 Bb7 12. Nbd2 Bxc5 13. Qxc5 Qc7 14. Be4 Rab8
15. h3 Ngxe5 16. Bxc6 Bxc6 17. Nxe5 d6 18. Qxc6 Qxc6 19. Nxc6 1-0

[Event "AUTO-OPEN-2979"]
[Site "http://www.queenalice.com/game.php?id=1176631"]
[Date "2013.4.29"]
[Round "1"]
[White "gfreire"]
[Black "Nacional_kid"]
[Result "0-1"]
[WhiteElo "1588"]
[BlackElo "1799"]

1. e4 e5 2. Qf3 Qf6 3. Qh5 Ne7 4. Bc4 d6 5. Bxf7+ Qxf7 6. Qh4 Be6 7. d3 Nbc6 8.
Nf3 Ng6 9. Qh5 d5 10. c4 d4 11. Ng5 Qf6 12. O-O O-O-O 13. Nxh7 Qf7 14. Qh4 Nxh4
15. Nxf8 Rdxf8 16. h3 Bxh3 17. gxh3 Qg6+ 18. Kh2 Qg2# 0-1

[Event "AUTO-OPEN-2979"]
[Site "http://www.queenalice.com/game.php?id=1176632"]
[Date "2013.4.29"]
[Round "1"]
[White "Nacional_kid"]
[Black "gfreire"]
[Result "1-0"]
[WhiteElo "1804"]
[BlackElo "1613"]

1. e4 e5 2. Nf3 d6 3. g3 Qf6 4. Bg2 Qe6 5. d3 Qf6 6. O-O Bg4 7. Nbd2 Qe6 8. Nc4
Bxf3 9. Qxf3 c6 10. b3 d5 11. exd5 cxd5 12. Nxe5 Qxe5 13. Bf4 Qe6 14. Rae1 1-0

[Event "AUTO-OPEN-2979"]
[Site "http://www.queenalice.com/game.php?id=1176641"]
[Date "2013.4.29"]
[Round "1"]
[White "ACamargo"]
[Black "Nacional_kid"]
[Result "1-0"]
[WhiteElo "1937"]
[BlackElo "1738"]

1. d4 d6 2. c4 c6 3. Nc3 g6 4. e3 Bg7 5. Be2 Nf6 6. h3 O-O 7. Nf3 Nbd7 8. O-O e6
9. b4 a6 10. Ba3 c5 11. Rc1 cxb4 12. Bxb4 b6 13. Bxd6 Re8 14. Bd3 Bf8 15. Bxf8
Kxf8 16. Re1 Bb7 17. e4 Rc8 18. e5 Ng8 19. Ne4 f5 20. Nd6 Bxf3 21. Qxf3 Nxe5 22.
Rxe5 Qxd6 23. Qf4 Red8 24. Be2 Qxd4 25. Qxd4 Rxd4 26. Rxe6 b5 27. c5 Ne7 28. Bf3
a5 29. Kf1 Kf7 30. Ra6 1-0

[Event "AUTO-OPEN-2979"]
[Site "http://www.queenalice.com/game.php?id=1176642"]
[Date "2013.4.29"]
[Round "1"]
[White "Nacional_kid"]
[Black "ACamargo"]
[Result "0-1"]
[WhiteElo "1747"]
[BlackElo "1928"]

1. e4 e5 2. Bc4 d6 3. Qf3 Nf6 4. h3 a6 5. g4 h6 6. Nc3 c6 7. d3 Be7 8. Be3 O-O
9. Nge2 a5 10. a4 Nh7 11. Ng3 Bg5 12. h4 Bxh4 13. Nf5 Bxf5 14. exf5 Bg5 15. Bxg5
Qxg5 16. Ne4 Qd8 17. O-O-O d5 18. Nc5 dxc4 19. dxc4 Qc7 20. Ne4 Nd7 21. b3 f6
22. Qh3 Ng5 23. Nxg5 fxg5 24. Rd2 Nf6 25. f3 Rad8 26. Rd3 Rd4 27. Rhd1 Rfd8 28.
Qh2 c5 29. Qe2 b6 30. Qe3 R8d6 0-1

[Event "AUTO-OPEN-2848"]
[Site "http://www.queenalice.com/game.php?id=1176783"]
[Date "2013.4.30"]
[Round "2"]
[White "hba111"]
[Black "Nacional_kid"]
[Result "1-0"]
[WhiteElo "2772"]
[BlackElo "1784"]

1. e4 e5 2. Nf3 Qf6 3. Nc3 c6 4. d4 exd4 5. Bg5 Qd6 6. Nxd4 h6 7. Bh4 Be7 8. Bg3
Qb4 9. a3 Qa5 10. e5 c5 11. Nb3 Qb6 12. Nd5 Qc6 13. Bb5 Qg6 14. Nc7+ Kd8 15.
Nxa8 Qe4+ 16. Qe2 Qxe2+ 17. Kxe2 b6 18. Rhd1 Bb7 19. e6 fxe6 20. Bxb8 Bxa8 21.
Rxd7+ Kc8 22. Bg3 a6 23. Rc7+ Kd8 24. Ra7 Bd5 25. Bc7+ Kc8 26. Bxa6+ Kd7 27.
Bb5+ Kc8 28. c4 Bb7 29. Bxb6 Bd6 30. Rd1 Bc7 31. Bxc7 1-0

[Event "AUTO-OPEN-2848"]
[Site "http://www.queenalice.com/game.php?id=1176784"]
[Date "2013.4.30"]
[Round "2"]
[White "Nacional_kid"]
[Black "hba111"]
[Result "0-1"]
[WhiteElo "1786"]
[BlackElo "2771"]

1. e4 c5 2. c4 Nc6 3. Nf3 e5 4. Nc3 Be7 5. g3 d6 6. Nd5 Nf6 7. Nxe7 Qxe7 8. a3
Nxe4 9. d3 Nf6 10. Bg2 O-O 11. O-O Bf5 12. Be3 h6 13. Nh4 Bh7 14. Bxc6 bxc6 15.
Qf3 Bxd3 16. Rfd1 Be4 17. Qe2 d5 18. f3 Bh7 19. cxd5 cxd5 20. Rac1 d4 21. Bf2
Rfe8 22. g4 Rac8 23. Rc4 e4 24. Nf5 Bxf5 25. gxf5 Qe5 26. fxe4 Nxe4 27. Re1 Qxf5
28. b4 d3 29. Qf1 Nd2 0-1

[Event "AUTO-ADV-2676"]
[Site "http://www.queenalice.com/game.php?id=1178148"]
[Date "2013.5.3"]
[Round "2"]
[White "leduar"]
[Black "Nacional_kid"]
[Result "1-0"]
[WhiteElo "1947"]
[BlackElo "1796"]

1. e4 e5 2. Nf3 Qf6 3. Nc3 c6 4. Bc4 a5 5. a4 Ne7 6. O-O d6 7. d4 exd4 8. Qxd4
Qxd4 9. Nxd4 g6 10. Bd2 b6 11. Bf4 Bg7 12. Nce2 c5 13. Nf3 Nd7 14. Bxd6 Bxb2 15.
Rab1 Bg7 16. Bb5 Bb7 17. Nd2 Bc6 18. Bxc6 Nxc6 19. Nc4 Nb4 20. Ne3 Be5 21. Bxe5
Nxe5 22. f4 Nec6 23. Rfd1 1-0

[Event "AUTO-ADV-2676"]
[Site "http://www.queenalice.com/game.php?id=1178149"]
[Date "2013.5.3"]
[Round "2"]
[White "Nacional_kid"]
[Black "leduar"]
[Result "0-1"]
[WhiteElo "1807"]
[BlackElo "1936"]

1. e4 e5 2. Nf3 Nf6 3. Nc3 Bc5 4. a3 Nc6 5. b4 Bd4 6. Nxd4 exd4 7. Ne2 Nxe4 8.
f3 Nf6 9. d3 Nd5 10. Bb2 Ne3 11. Qd2 Qg5 12. b5 Nxg2+ 13. Bxg2 Qxg2 14. O-O-O
Ne5 15. Rde1 Nxf3 16. Nf4+ Kf8 17. Qxg2 Nxe1 18. Rxe1 d6 19. Bxd4 f6 20. Ne6+
Kf7 21. Qxg7+ Ke8 22. Nxc7+ Kd8 0-1

[Event "AUTO-ADV-2676"]
[Site "http://www.queenalice.com/game.php?id=1178152"]
[Date "2013.5.3"]
[Round "2"]
[White "Paulsains"]
[Black "Nacional_kid"]
[Result "1-0"]
[WhiteElo "1976"]
[BlackElo "1766"]

1. e4 e5 2. Nf3 Qf6 3. Be2 h6 4. O-O Bc5 5. d3 Ne7 6. Nc3 c6 7. Be3 Bxe3 8. fxe3
d6 9. Nd2 Qg6 10. Bh5 Qh7 11. Bxf7+ Kd8 12. Nc4 d5 13. Nxe5 Nd7 14. Nxd7 Bxd7
15. exd5 c5 16. Qf3 Rf8 17. d6 Nc6 18. Qe4 Qxe4 19. Nxe4 Ne5 20. Bd5 Bf5 21.
Nxc5 Rf6 22. Nxb7+ Kd7 23. Nc5+ Kxd6 24. Bxa8 Kxc5 25. d4+ Kd6 26. dxe5+ 1-0

[Event "AUTO-ADV-2676"]
[Site "http://www.queenalice.com/game.php?id=1178153"]
[Date "2013.5.3"]
[Round "2"]
[White "Nacional_kid"]
[Black "Paulsains"]
[Result "0-1"]
[WhiteElo "1758"]
[BlackElo "1984"]

1. e4 e5 2. Nf3 Nf6 3. Bc4 Bd6 4. O-O O-O 5. b3 Nc6 6. c3 b6 7. d3 Bb7 8. b4 a6
9. a4 Be7 10. Na3 d5 11. exd5 Nxd5 12. Bd2 h6 13. b5 axb5 14. axb5 Na5 15. Nxe5
Nxc4 16. Nexc4 Nf6 17. f3 Qxd3 18. Re1 Bc5+ 19. Kh1 Bd5 20. Ne5 Qf5 21. c4 Bb7
22. Nc2 Rad8 23. g4 Nxg4 24. Kg2 Nxe5 25. Rf1 Nxf3 26. Ra7 Be4 0-1

[Event "AUTO-ADV-2676"]
[Site "http://www.queenalice.com/game.php?id=1178154"]
[Date "2013.5.3"]
[Round "2"]
[White "Kavkaz95"]
[Black "Nacional_kid"]
[Result "1-0"]
[WhiteElo "2120"]
[BlackElo "1749"]

1. e4 e5 2. Nf3 Qf6 3. Bc4 c6 4. c3 h6 5. d4 exd4 6. cxd4 d6 7. Nc3 Bg4 8. Be3
b5 9. Be2 Ne7 10. h3 Bh5 11. e5 dxe5 12. dxe5 Qg6 13. Nh4 Bxe2 14. Nxg6 Bxd1 15.
Nxh8 Bc2 16. Rc1 Bh7 17. O-O Nd7 18. f4 Nf5 19. Bf2 1-0

[Event "AUTO-ADV-2676"]
[Site "http://www.queenalice.com/game.php?id=1178155"]
[Date "2013.5.3"]
[Round "2"]
[White "Nacional_kid"]
[Black "Kavkaz95"]
[Result "0-1"]
[WhiteElo "1751"]
[BlackElo "2119"]

1. e4 e5 2. Nf3 Nc6 3. c3 Nf6 4. Bb5 Bc5 5. Bxc6 bxc6 6. b4 Bb6 7. a4 a5 8. Nxe5
Qe7 9. d4 axb4 10. c4 Nxe4 11. f4 Qh4+ 12. g3 Nxg3 13. Nf3 Qh6 14. f5 Qh5 15.
Rg1 Ne4 16. Qe2 d5 17. c5 Ba5 18. Bd2 Bxf5 0-1